Score 0/10 Timer 04:00
0 Plays Today
Production (MP) Country % Correct
13,189,303 TonsChina
96.9%
918,120 TonsUnited States of America
90.7%
2,335,560 TonsMexico
86%
1,332,167 TonsIndonesia
80.6%
1,986,701 TonsTurkey
76.7%
655,941 TonsEgypt
70.5%
872,284 TonsSpain
68.2%
500,853 TonsNigeria
55.8%
317.500 TonsAlgeria
53.5%
366,396 TonsNetherlands
17.8%
Remove Ads.
Support Sporcle.
Get the best of Sporcle when you Go Orange. This ad-free experience offers more features, more stats, and more fun while also helping to support Sporcle. Thank you for becoming a member.

You're not logged in!

Compare scores with friends on all Sporcle quizzes.
OR
Log In

Show Comments

Extras

Top Quizzes Today


Score Distribution

Your Account Isn't Verified!

In order to create a playlist on Sporcle, you need to verify the email address you used during registration. Go to your Sporcle Settings to finish the process.

Report this User

Report this user for behavior that violates our Community Guidelines.

Details: